000 00788nam a2200205Ia 4500
003 GCL
008 140319s9999 xx 000 0 ara d
040 _aGCL /
_cGCL
082 0 4 _a811.064
_bع ت
100 1 _aعبدالوهاب امين احمد
245 1 0 _aالتراث الادبى للحلاج الصوفى: طبيعته الابداعية وظواهره النقدية /
_cعبدالوهاب امين احمد
300 _a395 ص
490 _aالهيئة العامة للاستعلامات
_v0
650 0 4 _aالتصوف
650 0 4 _aالشعر العربى - تاريخ ونقد
650 0 4 _aالشعر الصوفى
650 0 4 _aالحلاج : أبومغيث الحسين بن منصور
650 0 4 _aالتصوف الاسلامى - مصادر
942 _2ddc
_cBK
999 _c49816
_d49816